| 000 | 00648nam a2200193 i 4500 | ||
|---|---|---|---|
| 001 | 22022 | ||
| 003 | ES-MaACL | ||
| 005 | 20230906152607.0 | ||
| 007 | t| | ||
| 008 | 021129s1867 po ||||1| por d | ||
| 110 | 1 |
_aPortugal. _96240 |
|
| 240 | 0 | _aCódigo civil, 1867 | |
| 245 | 1 | 0 |
_aRepertorio geral alphabetico do Codigo Civil portuguez _b: extractado e coordenado / _cpor Anthero A. d'Almeida Araujo Pinto. |
| 260 |
_aCoimbra : _b[s.n.], _c1867 ( _fImp. da Universidade) |
||
| 300 |
_a112 p. ; _c23 cm. |
||
| 650 | 4 |
_aDerecho civil- _zPortugal. _9171509 |
|
| 700 | 1 |
_aPinto, Antero A. d'Almeida Araújo. _920117 |
|
| 852 |
_aES-MaACL _jT-688-F-7 |
||
| 999 |
_c22022 _d22022 |
||